Paisajes e interiores /

Guardado en:
Autor Principal: Barnard, Christiaan
Formato: Deslizar
Series:El Cuerpo Viviente
Materias:
Etiquetas: Agregar Etiqueta
Sin Etiquetas, Sea el primero en etiquetar este registro!
LEADER 00873ngm a22002535g 4500
001 CEM.cems021457
008 130507b1992##################0###0#####d
005 20240823172739.0
245 1 0 |a Paisajes e interiores /  |c Christiaan Barnard. 
300 |a 23 
490 0 |a El Cuerpo Viviente 
500 |a En soporte VHS, consultar en ventanilla. 
505 0 |a La piel: descripción. Adaptación del cuerpo al medio. Nacimiento: cómo está equipado el cuerpo para la vida exterior. 
538 |a Soporte: VHS - Norma: Pal N - Color - Intercambio Drd 1992 - Hitachi=4560 
100 1 |a Barnard, Christiaan 
082 6 1 |/ BAR-1 
653 |a ANATOMIA 
653 |a FISIOLOGIA 
653 |a PIEL 
653 |a BIOLOGIA 
653 |a CUERPO HUMANO 
653 |a NACIMIENTO 
653 |a NIVEL SECUNDARIO 
859 |a CEMS  |b BIB. CEMS - Depto. Recursos Didacticos  |h 611  |i BAR-1  |k DRD  |p 100.12  |t Ej.1